000
00256nam a2200097Ia 4500
001
655547
005
20250826154539.0
008
250824s9999 xx 000 0 und d
245
0
_a
10 Eyvah! EAO’da Aileler Günü
_c
Kate McMullan
260
_b
BEYAZ BALİNA
999
_c
655547
_d
655547